Papermaking Science and Technology Book 11: Pigment Coating and Surface Sizing of Paper

Salvato in:
Dettagli Bibliografici
Altri autori: Lehtinen, Esa
Natura: Libro
Lingua:inglese
Pubblicazione: Helsinki Fapet Oy 2000
Soggetti:
Accesso online:Visualizza in OPAC
Tags: Aggiungi Tag
Nessun Tag, puoi essere il primo ad aggiungerne!!

MARC

LEADER 00000nam a2200000 a 4500
005 20260127133926.0
008 060327 1998 fi 000 0 eng d
020 |a 952521611X 
035 |a vtls008639805 
039 9 |a 200604071011  |b mschk03  |c 200604061152  |d mschk03  |c 200603291035  |d mschk03  |y 200603271345  |z mschk03 
040 |a STUSCHK1  |b slo  |c STUSCHK1  |e AACR2 
080 |a 676(03) 
245 1 |a Papermaking Science and Technology  |b Book 11: Pigment Coating and Surface Sizing of Paper 
260 |a Helsinki  |b Fapet Oy  |c 2000 
300 |a 810 p. 
650 0 |a papermaking science  |x technology 
700 1 |a Lehtinen, Esa 
910 |a SCHK95 
919 |a 952-5216-11-X 
999 |c 184  |d 184